Les codes francais

Kaydedildi:
Detaylı Bibliyografya
Yazar: Rogron, J. A (Yazar)
Materyal Türü: Kitap
Dil:Fransızca
Baskı/Yayın Bilgisi: París Henri Plon 1857
Edisyon:4a. ed
Konular:
Etiketler: Etiketle
Etiket eklenmemiş, İlk siz ekleyin!

MARC

LEADER 00000nam a2200000 a 4500
001 UCS0473
003 CL-VaPUC
008 970426e18570000FR |||||||||||||||||fre|d
082 0 4 |a 345.44  |b ROG  |2 21 
100 0 |a Rogron, J. A  |e author  |9 384028 
245 1 4 |a Les codes francais 
250 |a 4a. ed 
300 |a 1185 p 
942 |c BK 
945 |d 19970426 00:00:00  |a paguirre 
260 |a París  |b Henri Plon  |c 1857 
650 7 |a DERECHO PENAL  |2 CL-VaPUC  |9 11 
650 0 |a Códigos  |9 352314 
650 0 |a Recurso de casación  |9 258890 
650 0 |a Penas   |9 255927 
650 0 |a Delitos  |9 224143 
650 0 |a Tribunales  |9 254872 
650 7 |a DELITOS CONTRA LA SEGURIDAD DEL ESTADO  |2 CL-VaPUC  |9 384029 
651 0 |a Francia  |9 255157 
583 |a last modification  |c 19970426 00:00:00  |k Rodrigo Vera 
999 |c 258700  |d 258698 
952 |0 0  |1 0  |4 0  |6 345_440000000000000_ROG_1857  |7 0  |8 X  |9 282970  |a BIBDER  |b BIBDER  |d 2019-11-19  |i 1833863  |o 345.44 ROG 1857  |p 1833863  |r 2023-01-25  |w 2019-11-19  |y BK_X  |k DER